Viajes por el interior de la América Meridional
Uloženo v:
| Hlavní autor: | |
|---|---|
| Médium: | Kniha |
| Jazyk: | španělština |
| Vydáno: |
Santiago
Editorial del Pacífico
1959
|
| Témata: | |
| Tagy: |
Přidat tag
Žádné tagy, Buďte první, kdo vytvoří štítek k tomuto záznamu!
|
MARC
| LEADER | 00000nam a22000005i 4500 | ||
|---|---|---|---|
| 003 | CL-ChBUA | ||
| 005 | 20160329111208.0 | ||
| 007 | ta | ||
| 008 | 160329s1959 cl ||||| |||| 000 ||spa | ||
| 040 | |a CL-ChBUA |c CL-ChBUA |e rda | ||
| 082 | 0 | 0 | |a 918.04 |
| 100 | 1 | |a Mellet, Julian |e autor | |
| 245 | 1 | 0 | |a Viajes por el interior de la América Meridional |c Julian Mellet |
| 260 | |a Santiago |b Editorial del Pacífico |c 1959 | ||
| 300 | |a 289 páginas |c 19 cm | ||
| 504 | |a índice | ||
| 651 | 4 | |a AMERICA DEL SUR - DESCRIPCIONES Y VIAJES | |
| 942 | |2 ddc |c LIB | ||
| 952 | |0 0 |1 0 |4 0 |6 918_040000000000000_M_525 |7 0 |9 1150962 |a UNACH |b UNACH |c 900 |d 2016-03-29 |i 57.492 |l 0 |o 918.04 / M 525 |p 88806 |r 2026-03-31 20:39:40 |t 1 |w 2016-03-29 |y LIB | ||
| 999 | |c 2197751 |d 2197751 | ||